000
00289nam a2200109Ia 4500
008
171211s9999 xx 000 0 und d
245
_a
Sally's Baking Addiction
245
_c
Sally McKenney
260
_c
2014
650
_x
COOKBOOKS
856
_u
http://down.ebook777.com/064/1937994341.pdf
999
_c
348127
_d
348127